000 00241nam a2200097Ia 4500
008 230508s1989 xx 000 0 und d
041 _aeng
100 _aHOUPIS & AZZO
245 _aFEEDBACK CONTROL SYSTEM ANALYSIS SYNTHESIS.
260 _c1989
999 _c731372
_d731372